000 00254nam a2200097Ia 4500
001 1206402
005 20251010143408.0
008 250824s9999 xx 000 0 und d
245 0 _aAYRILIK SEVDAYA DAHİL
_cATTİLA İLHAN
260 _bKÜLTÜR YAYINLARI
999 _c1206402
_d1206402